Normal view
MARC view
- BIPOLAR TRANSISTORS.FIELD EFFECT TRANSISTORS.METAL SEMICONDUCTOR FIELD EFFECT TRANSISTORS. MODULATION-DOPED FIELD EFFECT TRANSISTORS
Entry Topical Term
001 - CONTROL NUMBER
- control field: 63113
003 - CONTROL NUMBER IDENTIFIER
- control field: NUST
005 - DATE AND TIME OF LATEST TRANSACTION
- control field: 20210628203049.0
008 - FIXED-LENGTH DATA ELEMENTS
- fixed length control field: 210628|| aca||aabn | a|a d
040 ## - CATALOGING SOURCE
- Original cataloging agency: NUST
- Transcribing agency: NUST
150 ## - HEADING--TOPICAL TERM
- Topical term or geographic name entry element: BIPOLAR TRANSISTORS.FIELD EFFECT TRANSISTORS.METAL SEMICONDUCTOR FIELD EFFECT TRANSISTORS. MODULATION-DOPED FIELD EFFECT TRANSISTORS
670 ## - SOURCE DATA FOUND
- Source citation: Work cat.: (NUST): Liu, William 63112, Fundamentals of iii-v devices , hbts, mesfets,and hfets/hemts, 1999
